Miejskie linie autobusowe w Poznaniu - Statystyki

Ogólne statystyki
  • Ten quiz został rozwiązany 64 razy
  • Średni wynik to 16 z 25
Statystyki odpowiedzi
Obrazkowy Odpowiedź % Poprawnych
191
87%
193
79%
145
74%
169
74%
184
74%
198
74%
146
68%
178
68%
185
68%
176
66%
166
64%
181
64%
183
64%
152
62%
173
62%
154
60%
157
57%
179
57%
180
57%
186
57%
149
51%
153
51%
123
49%
162
49%
189
49%
Nie znaleziono quizów pasujących do podanych kryteriów
Rozkład punktacji
Procent ludzi z każdym wynikiem
Percentyl według liczby udzielonych odpowiedzi
Twoja historia wyników
Nie rozwiązałeś tego quizu